000 00632nam a22001937a 4500
005 20251108173147.0
008 250721s2006 xx 000 0 ara d
082 1 4 _a618.3/قطي
100 1 _aقطيشات، رائدة
245 1 0 _aالحمل و الولادة و الأمراض الشائعة عند النساء /
264 1 _aعمان :
_bدار البيت العتيق الإسلامية للنشر و التوزيع،
_c2006.
300 _a79ص.
650 1 7 _aامراض النساء
650 1 7 _aالحمل
650 1 7 _aالولاده
700 1 _aحشيمة، إيناس
942 _2ddc
_cBK
999 _c97424
_d97424